Les équipes sur le podium de la Ligue 1 depuis 2001 - Statistiques

Statistiques générales
  • Ce quiz a été pris 3 819 fois
  • Le résultat moyen est 10 sur 11
Statistiques - réponses
Nombre de fois sur le podium Année(s) Club % Correct
7 2003,2007,2008,2009,2010,2011,2013 Olympique de Marseille
100%
6 2004,2012,2013,2014,2015,2016 Paris Saint-Germain
100%
14 2001-2011,2013,2015,2016 Olympique lyonnais
99%
6 2003,2004,2005,2014,2015,2016 AS Monaco
97%
6 2001,2005,2006,2011,2012,2014 Lille OSC
97%
3 2006,2008,2009 Girondins de Bordeaux
95%
1 2012 Montpellier HSC
92%
1 2001 FC Nantes
86%
1 2002 RC Lens
85%
2 2002,2010 AJ Auxerre
74%
1 2007 Toulouse FC
71%
Aucun quiz correspondant
Distribution des résultats
% des personnes avec chaque résultat
Percentile par nombre de réponses
Votre historique - résultats
Vous n’avez pas pris ce quiz